Toutes les langues des chansons gagnantes de l'Eurovision : - Statistiques

Statistiques générales
  • Ce quiz a été pris 441 fois
    396 depuis la dernière actualisation
  • Le résultat moyen est 59 sur 64
Statistiques - réponses
Hint Réponse % Correct
1966 Allemand / Français
100%
2016 Anglais / Tatar De Crimée
100%
2004 Anglais / Ukrainien
100%
1956 Français
100%
1958 Français
100%
1960 Français
100%
1961 Français
100%
1962 Français
100%
1965 Français
100%
1969 Français
100%
1971 Français
100%
1972 Français
100%
1973 Français
100%
1977 Français
100%
1983 Français
100%
1986 Français
100%
1988 Français
100%
1985 Norvégien / Anglais
100%
1967 Anglais
99%
1969 Anglais
99%
1970 Anglais
99%
1974 Anglais
99%
1975 Anglais
99%
1976 Anglais
99%
1980 Anglais
99%
1981 Anglais
99%
1987 Anglais
99%
1992 Anglais
99%
1993 Anglais
99%
1994 Anglais
99%
1996 Anglais
99%
1997 Anglais
99%
1999 Anglais
99%
2000 Anglais
99%
2001 Anglais
99%
2002 Anglais
99%
2003 Anglais
99%
2005 Anglais
99%
2006 Anglais
99%
2008 Anglais
99%
2009 Anglais
99%
2010 Anglais
99%
2011 Anglais
99%
2012 Anglais
99%
2013 Anglais
99%
2014 Anglais
99%
2015 Anglais
99%
1968 Espagnol
98%
1969 Espagnol
98%
1964 Italien
95%
1990 Italien
95%
1982 Allemand
94%
1984 Suédois
83%
1991 Suédois
83%
1995 Norvégien
71%
1967 Néerlandais
70%
1959 Néerlandais
70%
1969 Néerlandais
70%
1989 Serbo-Croate
69%
1963 Danois
64%
2007 Serbe
59%
1978 Hébreu
47%
1979 Hébreu
47%
1998 Hébreu
47%
Aucun quiz correspondant
Distribution des résultats
% des personnes avec chaque résultat
Percentile par nombre de réponses
Votre historique - résultats
Vous n’avez pas pris ce quiz depuis la dernière actualisation